Entry Personal Name
Number of records used in: 1
001 - CONTROL NUMBER
003 - CONTROL NUMBER IDENTIFIER
005 - DATE AND TIME OF LATEST TRANSACTION
- control field:
20230926140842.0
008 - FIXED-LENGTH DATA ELEMENTS
- fixed length control field:
161219n| azannaabn |n aaa c
010 ## - LIBRARY OF CONGRESS CONTROL NUMBER
- LC control number:
no2016168935
035 ## - SYSTEM CONTROL NUMBER
- System control number:
(OCoLC)oca10661046
040 ## - CATALOGING SOURCE
- Original cataloging agency:
MMeT
- Language of cataloging:
eng
- Description conventions:
rda
- Transcribing agency:
MMeT
100 1# - HEADING--PERSONAL NAME
- Personal name:
Vittal, P. R.
370 ## - ASSOCIATED PLACE
- Associated country:
India
- Place of residence/headquarters:
Chennai (India)
372 ## - FIELD OF ACTIVITY
- Field of activity:
Mathematics
373 ## - ASSOCIATED GROUP
- Associated group:
Ramakrishna Mission Vivekananda College
- Source of term:
naf
- End period:
1996
374 ## - OCCUPATION
- Occupation:
College teachers
- Source of term:
lcsh
670 ## - SOURCE DATA FOUND
- Source citation:
Vittal, P. R. Analytical geometry : 2D and 3D, 2013:
- Information found:
title page (P.R. Vittal) About the author: (Professor of Mathematics at Ramakrishna Mission Vivekananda College, Chennai, from where he retired as Principal in 1996. He was a visiting professor at many North American colleges. Now a visiting professor at the University of Madras; Institute of Chartered Accountants of India, Chennai; The Institute of Technology Management, Chennai; and the National Management School, Chennai.)